| 000 | 00359nam a22001577a 4500 | ||
|---|---|---|---|
| 003 | OSt | ||
| 005 | 20220114104035.0 | ||
| 008 | 220114b |||||||| |||| 00| 0 eng d | ||
| 020 | _a0521625580 | ||
| 040 | _cHU | ||
| 082 | _a533.2105194 | ||
| 100 |
_aALaney B. Culbert _927986 |
||
| 245 | _aComputational Gasdynmics | ||
| 300 | _f613 | ||
| 942 |
_2ddc _cBOOKS _n0 |
||
| 999 |
_c27028 _d27028 |
||